LEADER 01114cam0 2200277 450 001 E600200057411 005 20161206122449.0 100 $a20091204d2000 |||||ita|0103 ba 101 $aita 102 $aIT 200 1 $aPolitica, amministrazione e interessi a Genova (1815-1940)$fLuciana Garibbo 210 $aMilano$cF. Angeli$dc2000 215 $a359 p.$d23 cm 225 2 $aLa socieà moderna e contemporanea$eanalisi e contributi$v78 300 $a(ac) 410 1$1001LAEC00027858$12001 $a*La socieà moderna e contemporanea : analisi e contributi$v78 700 1$aGaribbo$b, Luciana$3A600200058688$4070$0174553 801 0$aIT$bUNISOB$c20161206$gRICA 850 $aUNISOB 852 $aUNISOB$jFondo|Craveri$m147354 912 $aE600200057411 940 $aM 102 Monografia moderna SBN 941 $aM 957 $aFondo|Craveri$b000152$gSi$d147354$hCraveri$rdono$1catenacci$2UNISOB$3UNISOB$420091204100611.0$520161206122449.0$6catenacci$fModalità di consultazione vedi home page Biblioteca link Fondi 996 $aPolitica, amministrazione e interessi a Genova (1815-1940$9672943 997 $aUNISOB